000 00665cam a2200229 4500
001 J60821
008 000000n2000 000 0 eng u
035 _a(Sirsi) u105243
041 _aeng
050 _a333.33016
110 _aInsignia Richard Ellis
_93847
245 _aRetail property monthly monitor - January - February 2000
260 _aLondon
_bInsignia Richard Ellis
_c2000
300 _a2 pt. ; 30cm.
520 _aCompany formerly known as Richard Ellis St. Quintin.
650 _aRETAIL PROPERTY
650 _aRENTAL VALUES
650 _aCAPITAL VALUES
650 _aTOTAL RETURNS
690 _aPROPERTY-COMMERCIAL PROPERTY
942 _n0
999 _c100337
_d100337